000 00441nam a22001697a 4500
005 20251108172228.0
008 250721s1986 xx 000 0 ara d
082 1 4 _a810.4/طه
100 1 _aحسين، طه
245 1 0 _aبين بين /
250 _aط13
264 1 _aبيروت :
_bدار العلم للملايين،
_c1986.
300 _a147ص
650 1 7 _aالمقالات العربية
942 _2ddc
_cBK
999 _c73697
_d73697